Biographia literaria (Record no. 4256)

MARC details
000 -LEADER
fixed length control field 00469cam a2200181ua 4500
008 - FIXED-LENGTH DATA ELEMENTS--GENERAL INFORMATION
fixed length control field 120306n ii |||gr||||Z||||||eng
040 ## - CATALOGING SOURCE
Transcribing agency MAIN
082 ## - DEWEY DECIMAL CLASSIFICATION NUMBER
Classification number 782.14
100 ## - MAIN ENTRY--PERSONAL NAME
Personal name Coleridge, Samuel Taylor,
Relator term
245 11 - TITLE STATEMENT
Title Biographia literaria
Statement of responsibility, etc. by Samuel Taylor Coleridge
250 ## - EDITION STATEMENT
Edition statement 1st.
260 ## - PUBLICATION, DISTRIBUTION, ETC.
Place of publication, distribution, etc. Ludhiana:
Name of publisher, distributor, etc. Lakshmi Narain Agarwal.
300 ## - PHYSICAL DESCRIPTION
Extent iv; 318p:
Dimensions 23cm.
700 ## - ADDED ENTRY--PERSONAL NAME
Personal name Chopra, D. K.,
Relator term
942 ## - ADDED ENTRY ELEMENTS (KOHA)
Koha item type Books
653 ## - INDEX TERM--UNCONTROLLED
Uncontrolled term Music
Holdings
Withdrawn status Lost status Damaged status Not for loan Home library Current library Shelving location Date acquired Total Checkouts Full call number Barcode Date due Date last seen Date last checked out Copy number Price effective from Koha item type
        Naharkatiya College Library Naharkatiya College Library General Stacks 19/09/2020 2 782.14 | COL 18359 03/11/2023 04/10/2023 04/10/2023 1 19/09/2020 Books

Naharkatiya College © 2020. All rights reserved.

Powered By